000 00414nam a2200169Ia 4500
001 31763
003 IN-NITTTR
005 20251114233424.0
008 251113s9999||||xx |||||||||||||| ||eng||
040 _beng
040 _cIN-NITTTR
041 _aeng
082 _a720.72 A25
100 _aEmmitt, Stephen
245 0 _aArchitectural technology :
_b research and practices /
_cEmmitt, Stephen
942 _2ddc
_cBK
999 _c34393
_d34393